El presupuesto como herramienta de seguimiento y control en los centros de salud privados del municipio de Cotuí, año 2017/,José Alberto Gómez Farías, José Luis Gómez Farías y Fabio Ynfante García ; asesor Jorge Custodio Heredia (Registro nro. 18623)

Detalles MARC
000 -LEADER
fixed length control field 01150nam a22002531a 4500
001 - CONTROL NUMBER
control field 18623
003 - CONTROL NUMBER IDENTIFIER
control field OSt
005 - DATE AND TIME OF LATEST TRANSACTION
control field 20260204212415.0
008 - FIXED-LENGTH DATA ELEMENTS--GENERAL INFORMATION
fixed length control field 180328s2018||||dr ||||||b||||||||||spa||
090 ## - LOCALLY ASSIGNED LC-TYPE CALL NUMBER (OCLC); LOCAL CALL NUMBER (RLIN)
Classification number (OCLC) (R) ; Classification number, CALL (RLIN) (NR) CON 2018 G65
100 ## - ASIENTO PRINCIPAL -- NOMBRE PERSONAL
Personal name Gómez Farías,José Alberto
Relator term sustentante
245 ## - TÍTULO PROPIAMENTE DICHO: SUBTÍTULO
Title El presupuesto como herramienta de seguimiento y control en los centros de salud privados del municipio de Cotuí, año 2017/,José Alberto Gómez Farías, José Luis Gómez Farías y Fabio Ynfante García ; asesor Jorge Custodio Heredia
260 ## - PUBLICATION, DISTRIBUTION, ETC.
Place of publication, distribution, etc. Cotuí, Santo Domingo:
Name of publisher, distributor, etc. UTECO,
Date of publication, distribution, etc. 2018
264 ## - PRODUCTION, PUBLICATION, DISTRIBUTION, MANUFACTURE, AND COPYRIGHT NOTICE
Place of production, publication, distribution, manufacture Santo Domingo:
300 ## - PHYSICAL DESCRIPTION
Extensión 58 hojas :
Other physical details Ilustraciones ;
Dimensions 28cm.
502 ## - THESIS NOTE
Dissertation note Trabajo de grado (Licenciatura en Contabilidad) --Universidad Tecnológica del Cibao Oriental, 2008
504 ## - BIBLIOGRAPHY, ETC. NOTE
Bibliography, etc. note Incluye referencia bibliográfica e índice
650 #4 - ASIENTO SECUNDARIO DE MATERIA -- TERMINO TOPICO
Asiento secundario de materia Centros de salud privados
700 1# - ASIENTO SECUNDARIO -- NOMBRE PERSONAL
Personal name Gómez Farías, José Luís
Relator term sustentante
700 1# - ASIENTO SECUNDARIO -- NOMBRE PERSONAL
Personal name García, Fabio Ynfante
Relator term sustentante
700 1# - ASIENTO SECUNDARIO -- NOMBRE PERSONAL
Personal name Custodio Heredia, Jorge
Relator term asesor
830 ## - ASIENTO SECUNDARIO DE SERIE - TÍTULO UNIFORME
Uniform title Tesis y disertaciones académicas (Universidad Tecnológica del Cibao Oriental)
942 ## - ADDED ENTRY ELEMENTS (KOHA)
Source of classification or shelving scheme Clasificación Local
Koha item type Tesis
Existencias
Withdrawn status Lost status Source of classification or shelving scheme Damaged status Not for loan Collection code Current library Date acquired Inventory number Total Checkouts Full call number Barcode Date last seen Copy number Price effective from Koha item type
    Clasificación Local   Préstamo Interno Trabajos de Grado e Investigación Biblioteca UTECO 09/09/2019 CT-2018-004   CON 2018 G65 CT-2018-004 09/09/2019 Ej.1 09/09/2019 Tesis
© 2021 Derechos Reservados UTECO - Teléfono: +1 809-585-2291 - Correo electrónico: biblioteca@uteco.edu.do​  
Código postal 43000 ​​
Dirección: Avenida Universitaria No. 100, 
Cotuí, Provincia Sánchez Ramírez, República Dominicana - RNC: 404-00059-6